Head first Java / (Record no. 528)

MARC details
000 -LEADER
fixed length control field 00833cam a22002894a 4500
001 - CONTROL NUMBER
control field 14034661
003 - CONTROL NUMBER IDENTIFIER
control field OSt
005 - DATE AND TIME OF LATEST TRANSACTION
control field 20250420134814.0
008 - FIXED-LENGTH DATA ELEMENTS--GENERAL INFORMATION
fixed length control field 050713s2005 caua 001 0 eng
010 ## - LIBRARY OF CONGRESS CONTROL NUMBER
LC control number 2005279292
020 ## - INTERNATIONAL STANDARD BOOK NUMBER
International Standard Book Number 9780596009205
040 ## - CATALOGING SOURCE
Original cataloging agency DLC
Transcribing agency KCST
042 ## - AUTHENTICATION CODE
Authentication code pcc
050 00 - LIBRARY OF CONGRESS CALL NUMBER
Classification number QA76.73.J38
Item number S535 2005
082 00 - DEWEY DECIMAL CLASSIFICATION NUMBER
Classification number 005.133
Edition information 22
Item number Si He
100 1# - MAIN ENTRY--PERSONAL NAME
Personal name Sierra, Kathy.
9 (RLIN) 4841
245 10 - TITLE STATEMENT
Title Head first Java /
Statement of responsibility, etc. Kathy Sierra, Bert Bates.
250 ## - EDITION STATEMENT
Edition statement 2nd ed.
260 ## - PUBLICATION, DISTRIBUTION, ETC.
Place of publication, distribution, etc. Sebastopol, CA :
Name of publisher, distributor, etc. O'Reilly,
Date of publication, distribution, etc. 2005.
300 ## - PHYSICAL DESCRIPTION
Extent xxxii, 688 p. :
Other physical details ill. ;
Dimensions 24 cm.
500 ## - GENERAL NOTE
General note Includes index.
650 #0 - SUBJECT ADDED ENTRY--TOPICAL TERM
Topical term or geographic name entry element Java (Computer program language)
9 (RLIN) 436
700 1# - ADDED ENTRY--PERSONAL NAME
Personal name Bates, Bert.
9 (RLIN) 4842
856 42 - ELECTRONIC LOCATION AND ACCESS
Materials specified Publisher description
Uniform Resource Identifier <a href="http://www.loc.gov/catdir/enhancements/fy0715/2005279292-d.html">http://www.loc.gov/catdir/enhancements/fy0715/2005279292-d.html</a>
942 ## - ADDED ENTRY ELEMENTS (KOHA)
Koha item type Book
942 ## - ADDED ENTRY ELEMENTS (KOHA)
Source of classification or shelving scheme Dewey Decimal Classification
Holdings
Withdrawn status Lost status Source of classification or shelving scheme Damaged status Not for loan Home library Current library Date acquired Cost, normal purchase price Total checkouts Full call number Barcode Date last seen Price effective from Koha item type
    Dewey Decimal Classification     KCST Library KCST Library 29/07/2020 12.23   005.133 Si He 1000000477 29/07/2020 29/07/2020 Book
    Dewey Decimal Classification     KCST Library KCST Library 29/07/2020 12.23   005.133 Si He 1000000478 29/07/2020 29/07/2020 Book
© 2025 KCST. All rights reserved